000
00285nam a2200109 4500
008
180215b xxu||||| |||| 00| 0 eng d
245
_a
Iloilo dengue cases drop.
260
_a
Philippines
_b
The Philippine Star
_c
c2017
300
_a
page 16.
650
0
_9
26544
_a
Dengue.
942
_2
ddc
_c
PER
999
_c
8673
_d
8673